000 00709nam a2200241 i 4500
001 77888
003 ES-MaACL
005 20230906173431.0
007 t|
008 041112s1976 sp ||||1| spa d
020 _a84-85199-11-1
080 _a343.292/.293(46)(043.2)
100 1 _aLinde Paniagua, Enrique.
_972382
245 1 0 _aAmnistía e indulto en España /
_cEnrique Linde Paniagua.
260 _aMadrid :
_bTucar,
_c1976.
300 _a206 p. ;
_c21 cm.
490 1 _aTemas de ciencias sociales ;
_v11
650 1 4 _aIndulto-
_zEspaña.
_9150733
650 0 0 _aAmnistía.
_99753
830 1 _aTemas de ciencias sociales ;
_v11
_9183568
852 _aES-MaACL
_jE-10362
999 _c77888
_d77888